| 000 | 00818cam a22002412 4500 | ||
|---|---|---|---|
| 001 | 0000018964 | ||
| 005 | 20151217152141.0 | ||
| 008 | 100822s xx 000 0 eng d | ||
| 020 | _a0195732917 | ||
| 040 |
_aKABU _cKABU |
||
| 245 | 1 | 0 |
_aGod's people : _ba CRE course form 4 student's book / _cAmos Obonyo, Petronila Kidakwa and Gregory Onyango. |
| 250 | _aNew ed. | ||
| 260 |
_aNairobi : _bO. U. P., _c2005. |
||
| 300 | _a159 p. | ||
| 650 | 0 |
_aChristian religious education. _@0000178461 |
|
| 700 | 1 |
_aObonyo, Amos. _@0000178463 |
|
| 700 | 1 |
_aKidakwa, Petronila. _@0000178464 |
|
| 700 | 1 |
_aOnyango, Gregory. _@0000178465 |
|
| 852 | 1 | _9p380 KES | |
| 852 | 1 | _9p265 KES | |
| 908 | _a100822 | ||
| 950 | _@1 | ||
| 999 |
_c8732 _d8732 |
||